The law reports: (Record no. 4976)
[ view plain ]
| 000 -LEADER | |
|---|---|
| fixed length control field | 00710nam a22002057a 4500 |
| 003 - CONTROL NUMBER IDENTIFIER | |
| control field | OSt |
| 005 - DATE AND TIME OF LATEST TRANSACTION | |
| control field | 20230925105032.0 |
| 008 - FIXED-LENGTH DATA ELEMENTS--GENERAL INFORMATION | |
| fixed length control field | 230925b |||||||| |||| 00| 0 eng d |
| 020 ## - INTERNATIONAL STANDARD BOOK NUMBER | |
| International Standard Book Number | 9780852892756 |
| 020 ## - INTERNATIONAL STANDARD BOOK NUMBER | |
| International Standard Book Number | 9780852892770 |
| 040 ## - CATALOGING SOURCE | |
| Original cataloging agency | KAB LIB |
| Language of cataloging | eng. |
| Transcribing agency | KAB LIB |
| Description conventions | rda |
| 082 ## - DEWEY DECIMAL CLASSIFICATION NUMBER | |
| Edition number | 22 |
| Classification number | 348.041 |
| Item number | LAW |
| 245 ## - TITLE STATEMENT | |
| Title | The law reports: |
| Remainder of title | Appeal cases 2012 vol. 2/ |
| Statement of responsibility, etc. | Clive Scowen, Barrister and Bernard Agyeman, Barrister [editors] |
| 260 ## - PUBLICATION, DISTRIBUTION, ETC. | |
| Place of publication, distribution, etc. | London : |
| Name of publisher, distributor, etc. | The Incorporated Council of Law Reporting for England and Wales, |
| Date of publication, distribution, etc. | c 2012. |
| 300 ## - PHYSICAL DESCRIPTION | |
| Extent | xxviii, 570 p. ; |
| Dimensions | 24 cm. |
| 650 ## - SUBJECT ADDED ENTRY--TOPICAL TERM | |
| Source of heading or term | Appeal Cases |
| 700 ## - ADDED ENTRY--PERSONAL NAME | |
| Personal name | Barrister, Clive Scowen |
| 9 (RLIN) | 12781 |
| 700 ## - ADDED ENTRY--PERSONAL NAME | |
| Personal name | Barrister, Bernard Agyeman |
| 9 (RLIN) | 12782 |
| 942 ## - ADDED ENTRY ELEMENTS (KOHA) | |
| Source of classification or shelving scheme | Dewey Decimal Classification |
| Koha item type | Book |
| Withdrawn status | Lost status | Source of classification or shelving scheme | Damaged status | Not for loan | Home library | Current library | Shelving location | Date acquired | Source of acquisition | Total Checkouts | Full call number | Barcode | Date last seen | Price effective from | Koha item type |
|---|---|---|---|---|---|---|---|---|---|---|---|---|---|---|---|
| Dewey Decimal Classification | Mukombe Library | Law section | Open Access Section | 25.09.2023 | Purchased | 348.041 LAW | 11129 | 25.09.2023 | 25.09.2023 | Book |